El Trabajo manual : recuerdo del tercer cursillo de trabajo manual educativo recuerdo del tercer cursillo de trabajo manual educativo

Publicat: Barcelona : Imp. Elzeviriana de Borrás y Mestres , 1906
Descripció física: 8 p. ; 23 cm

MARC

LEADER 00000nam a2200000Ia 4500
001 RF-16-35
008 160829s1906 xx 000 0 cat d
080 |a 23068 
245 |a El Trabajo manual :  |b  recuerdo del tercer cursillo de trabajo manual educativo 
260 |a Barcelona :  |b Imp. Elzeviriana de Borrás y Mestres,  |c 1906 
300 |a 8 p. ;  |c 23 cm 
590 |a Prové de la caixeta de Casa de Caritat, any 1878, núm. 2158, exp. 2162 
650 0 |a Treballs manuals (Ensenyament)  |9 41398 
856 4 |u https://media.diba.cat/diba/fitxers/arxiu/fulletons/bib_23068_1906_baixa.pdf  |y Accés lliure 
856 4 |u https://media.diba.cat/diba/fitxers/arxiu/fulletons/bib_23068_1906_baixa.pdf  |y Accés lliure 
901 |a Arxiu 
942 |n 1  |2 udc 
952 |0 0  |1 0  |4 0  |6 23068  |7 1  |9 50193  |a Arxiu  |b Arxiu  |d 2016-12-01  |l 0  |o 23068  |p RF-16-35  |r 2016-12-01 00:00:00  |w 2016-12-01  |y ARXIU 
999 |c 54035  |d 54035 
900 |a bib_23068_1906_baixa.pdf